| 000 | 00381nam a2200133 4500 | ||
|---|---|---|---|
| 245 | _aPawi autonomous district council in Mizoram | ||
| 100 | _aLalrammawii | ||
| 260 |
_aShillong _bNEHU _c1984 |
||
| 300 | _a74p.:tables;26cm.- | ||
| 490 | _aNEHU, Department of Philosophy : M.Phil. thesis, 1984 | ||
| 500 | _aSupervisor : S. Gabriel | ||
| 082 |
_a352.054166 _bLAL |
||
| 041 | _aKhasi | ||
| 999 |
_c42268 _d42268 |
||